Normal view
MARC view
- الاسلام - الحديث - التعليم العالي - مؤتمرات
Entry Topical Term
001 - CONTROL NUMBER
- control field: 48495
003 - CONTROL NUMBER IDENTIFIER
- control field: JO-AjAnu
005 - DATE AND TIME OF LATEST TRANSACTION
- control field: 20230606082010.0
008 - FIXED-LENGTH DATA ELEMENTS
- fixed length control field: 230606|| aca||aabn | a|a d
040 ## - CATALOGING SOURCE
- Original cataloging agency: JO-AjAnu
- Transcribing agency: JO-AjAnu
150 ## - HEADING--TOPICAL TERM
- Topical term or geographic name entry element: الاسلام - الحديث - التعليم العالي - مؤتمرات
670 ## - SOURCE DATA FOUND
- Source citation: Work cat.: (JO-AjAnu)24809: جامعة الزرقاء الاهلية -مؤتمر؛ تحرير عبد الجبار سعيد, author 48494, تدريس السنة النبوية وعلومها في الجامعات: بحوث المؤتمر الرابع لكلية الشريعة جامعة الزرقاء الاهلية 10-12 شوال 1422 هجري / 25-27 كانون اول 2001 م